Statistics for Formula 1 Team Quiz - Alpine

Click here to take the quiz!

General Stats

  • This quiz has been taken 45 times
  • The average score is 6 of 7

Answer Stats

HintAnswer% Correct
Best Result1st
98%
Best Grid Position2nd
98%
Nation FoundedFrance
98%
First Year Raced2021
95%
Number of CWC0
88%
First Grand PrixBahrain
83%
FounderJean Rédélé
3%

Score Distribution

Percentile by Number Answered

Percent of People with Each Score

Your Score History

You have not taken this quiz